LEADER 01323nam a2200289 4500 001 000000348245 003 CaOOAMICUS 005 20211104105855.0 008 211025s1999 it 000 u ita r 020 $a88-215-3025-6 040 $aSeMil$bita 100 1 $aGrün, Anselm,$c.$0(OLS)http://semarc/name/91193 240 10$aVerwandlung :$beine vergessene Dimension geistlichen Lebens.$0(OLS)http://semarc/title/437623 245 13$aIl coraggio di trasformarsi :$balla scoperta del dinamismo della vita interiore /$cAnselm Grün. 250 $a2. ed. 264 1$aCinisello Balsamo :$bSan Paolo,$c1999. 300 $a116 p. ;$c18 cm 490 1 $aNuovi fermenti ;$v26 650 4$aTrasformazione - Concezione cristiana.$0(OLS)http://semarc/subject/35546 830 0$aNuovi fermenti ;$v26.$0(OLS)http://semarc/title/6221 850 $aSeMil 852 $aSeMil$W1$xVenegono$y1$m2C I 718$j230113$B239289$CSeMilBibl$Z2$F239289 $81 961 $aDell'Acqua don Riccardo - Omaggio 996 $6020$a88-215-3025-6$9(OLS)http://semarc/number/294400 996 $6245$aIl coraggio di trasformarsi :$balla scoperta del dinamismo della vita interiore$9(OLS)http://semarc/title/437625 996 $6264$aCinisello Balsamo :$bSan Paolo$9(OLS)http://semarc/publisher/30129 LEADER 01809nam a2200337 i 4500 001 000000109598 003 CaOOAMICUS 005 20021108000000.0 008 021108s1994 it u000 u ita u 013 $a82278 020 $a88-343-0811-5 040 $aSeMil$bita 100 1 $aGaiser, Konrad <1929-1988>.$0(OLS)http://semarc/name/16028 240 10$aPlatons ungerschriebene Lehre.$0(OLS)http://semarc/title/159142 245 13$aLa dottrina non scritta di Platone :$bstudi sulla fondazione sistematica e storica delle scienze nella scuola platonica /$cKonrad Gaiser ; presentazione di Giovanni Reale ; introduzione di Hans Krämer ; traduzione dal testo tedesco di Vincenzo Cicero. 260 $aMilano :$bVita e Pensiero,$c1994. 300 $aXVIII, 376 p. ;$c22 cm. 490 0 $aTemi metafisici e problemi del pensiero antico : studi e testi ;$v37 500 $aContiene : Bibliografia. - Fondo Card. C.M. Martini. 600 04$aPlatone .$0(OLS)http://semarc/subject/988 700 1 $aCicero, Vincenzo,$d<1962- >.$0(OLS)http://semarc/name/316 700 1 $aKrämer, Hans Joachim.$0(OLS)http://semarc/name/16027 700 1 $aReale, Giovanni,$d<1931-2014>.$0(OLS)http://semarc/name/74 830 0$aTemi metafisici e problemi del pensiero antico ;$v37.$0(OLS)http://semarc/title/109 850 $aSeMil 852 $aSeMil$W1$xVenegono$y1$m2R V 357$j65573$B65573$CSeMilBibl$Z2$F77139 $81 941 1 $a4 961 $aOmaggio: Martini Card. Carlo Maria 996 $6020$a88-343-0811-5$9(OLS)http://semarc/number/91023 996 $6245$aLa dottrina non scritta di Platone :$bstudi sulla fondazione sistematica e storica delle scienze nella scuola platonica$9(OLS)http://semarc/title/159141 996 $6260$aMilano :$bVita e Pensiero$9(OLS)http://semarc/publisher/29642